• 首页
  • 本馆介绍
  • 公告通知
  • 最新文献
  • 馆藏检索
  • 电子资源
  • 读者导购
  • 参考咨询
  • 我的图书馆
  • 登录
  • 详细信息显示
  • 放入我的书架
  • 预约/预借图书
  • 作者相关作品
  • 分类相关作品
  • 丛书相关作品
  • 出版社相关作品

书目信息

  • 表格格式
  • 工作单格式
  • 卡片格式
题名:
原子世界
    
 
作者: 席斯曼 著 ;滕砥平 译
分册:  
出版信息: 北京   中国青年出版社  1953
页数: 74页
开本: 19cm
丛书名: 苏联青年科学丛书
单 册:
中图分类: TL1-51
科图分类:
主题词: 自然科学--普及读物--多卷书 , 核技术--基础理论
电子资源:
ISBN:
000 00727nam2 2200253 45
001 0179000761
005 20060313143833.07
010    @dCNY0.25
100    @a19950726d1953 em y0chiy0121 ea
101 0  @achi
102    @aCN@b110000
105    @ay z 000yy
200 10 @a原子世界@Ayuan zi shi jie@f(苏)席斯曼著@F(su)xi si man zhu@g滕砥平译@Gteng di ping yi
210    @a北京@c中国青年出版社@d1953
215    @a74页@d19cm
225 2  @a苏联青年科学丛书
410  0 @12001 @a苏联青年科学丛书
606    @a自然科学@x普及读物@x多卷书
606 0  @a核技术@x基础理论
690    @aTL1-51@v4
701  0 @a席斯曼@Axi si man@4著
702  0 @a滕砥平@Ateng di ping@4译
801  0 @aCN@bTSSF@c20060313
905    @a10447@dTL1-51@e6
    
    原子世界/(苏)席斯曼著/滕砥平译.-北京:中国青年出版社,1953
    74页;19cm.-(苏联青年科学丛书)
    
    
    ISBN :CNY0.25
    
●
相关链接 在E读中查询图书 在五车中查询图书 在当当中查询图书 在豆瓣中查询图书


正题名:原子世界     索取号:TL1-51/6         预约/预借

序号 登录号 条形码 馆藏地/架位号 状态 备注
1 0015897   202204284   密集书库/ [索取号:TL1-51/6] 在馆    
唐山师范学院图书馆 欢迎您!
大连网信软件有限公司© 版权所有